00380nam a2200097Ia 4500008004100000245008700041260003300128300001700161650001900178856008500197160712s9999 xx 000 0 und d aBatas, Katarungan, at Kalikasan: Isang Kritikal na Pagmuni sa Ekolohiya at Lipunan c2011bSocial Science Diliman avol. 7 no. 1 xSOCIAL SCIENCE uhttp://journals.upd.edu.ph/index.php/socialsciencediliman/issue/view/254/showToc